The alphabet and elements of lettering

Saved in:
Bibliografiske detaljer
Hovedforfatter: Goudy, Fraderic W (Author)
Format: Bog
Sprog:engelsk
Udgivet: Nueva York Dover 1963
Fag:
Tags: Tilføj Tag
Ingen Tags, Vær først til at tagge denne postø!

MARC

LEADER 00000nam a2200000 a 4500
001 UCV8953
003 CL-VaPUC
008 920323e19630000US |||||||||||||||||eng|d
082 0 4 |a 686.224  |b GOU  |2 21 
100 0 |a Goudy, Fraderic W  |e author  |9 302924 
245 1 4 |a The alphabet and elements of lettering 
300 |a 131 p 
942 |c BK 
945 |d 19920323 00:00:00 
260 |a Nueva York  |b Dover  |c 1963 
650 0 |a Alfabetos  |9 265604 
650 7 |a LETRAS ORNAMENTALES  |2 CL-VaPUC  |9 302925 
583 |a last modification  |c 19920323 00:00:00  |k Rodrigo Vera 
999 |c 214358  |d 214356 
952 |0 0  |1 0  |4 0  |6 686_224000000000000_GOU_1963  |7 0  |8 A  |9 197645  |a BIBARQ  |b BIBARQ  |d 2019-11-14  |i 2653184  |o 686.224 GOU 1963  |p 2653184  |r 2025-01-20  |w 2019-11-14  |y BK  |k ARQ